000 00576nam a22001937a 4500
999 _c8507
_d8507
003 AR-CdUCM
008 190325b ||||| |||| 00| 0 spa d
040 _aMUNICIPALIDAD PROVINCIAL DEL CUSCO
_cBIBLIOTECA MUNICIPAL DEL CUSCO
082 _a869.4 /
_bR84
100 _aRosso Orozco, Fernando
_923839
245 _aEl danzante y la muerte /
260 _aLa Paz :
_bEdiciones Altiplano,
_c1983.
300 _a47 páginas ;
_c23 cm.
500 _aDonación familia Nieto.
650 _aPoesía boliviana
_92577
650 _aSiglo XX
_98
942 _2ddc
_cLIBROS
945 _azta